| 000 | 03523nam0a22004211 4500 | ||
|---|---|---|---|
| 001 | v19\rc\1532256 | ||
| 005 | 20230113165924.0 | ||
| 035 | _a(NLR Aleph) 004651955 | ||
| 090 |
_a3434195 _c3434195 |
||
| 100 | _a20060620d1887 |||y0rusy50 ca | ||
| 101 | 0 | _arus | |
| 102 | _aRU | ||
| 105 | _ac z ||||b | ||
| 200 | 1 |
_aСочинения А.С. Пушкина _eПолн. собр. в 10 т. _eС портр., биогр. и письмами Пушкина |
|
| 205 | _a[2-е изд.]. Т. 1-10 | ||
| 210 |
_aСанкт-Петербург _d1887 |
||
| 215 |
_a10 т. _cфронт. (портр.) на отд. л. _d15 |
||
| 300 | _aПеред загл.: "Изд. Ф. Павленкова под ред. А. Скабичевского" | ||
| 300 | _aВ т. 1 портр. типа Кипренского, грав. на дер. В. Матэ | ||
| 316 |
_aЭкз. РНБ (Пушкин/1-26): 2-ой экз. т. 1-2, 5-10 в 4-х переплетах _5NLR: Пушкин/1-26 |
||
| 327 | 1 | _aСодерж.: Т. 1. Поэмы. Сказки. Т. 2. Баллады и легенды. Евгений Онегин. Т. 3. Романы и повести. Драматические произведения. Лирические стихотворения. Т. 4. Антологии, описания, идиллии, песни и думы. Альбомные стихотворения и послания. Т. 5. Романы и повести. Т. 6. Романы и повести. Драматические этюды. Т. 7. Исторические очерки. Автобиографические материалы и воспоминания. Т. 8. Путешествие в Эрзерум. Журнальные статьи. Ряд мелких заметок. Т. 9. Биография А.С. Пушкина. Письма (от 1816 до 1825 г.). Т. 10. Письма (от 1826 до 1837 г.) | |
| 464 | 0 | _12001#$aПоэмы$aСказки$aБаллады и легенды$aЕвгений Онегин$aРоманы и повести$aДраматические произведения$aЛирические стихотворения$aАнтологии, описания, идиллии, песни и думы$aАльбомные стихотворения и послания$aРоманы и повести$aДраматические этюды$aИсторические очерки$aАвтобиографические материалы и воспоминания$aПутешествие в Эрзерум$aЖурнальные статьи$aРяд мелких заметок$aПисьма от 1816 до 1825 г.$aПисьма от 1826 до 1837 г. | |
| 464 | 0 | _12001#$aБиография А.С. Пушкина | |
| 532 | 1 | 0 | _aСочинения Александра Сергеевича Пушкина |
| 700 | 1 |
_aПушкин _bА. С. _cпоэт _f1799-1837 _gАлександр Сергеевич _3RU\NLR\AUTH\77386 |
|
| 702 | 1 |
_aСкабичевский _bА. М. _f1838-1910 _gАлександр Михайлович _4340 |
|
| 702 | 1 |
_aПавленков _bФ. _4650 |
|
| 702 | 1 |
_aКипренский _bО. А. _f1782-1836 _gОрест Адамович _4570 |
|
| 702 | 1 |
_aМатэ _bВ. В. _f1856-1917 _gВасилий Васильевич _4440 |
|
| 801 | 0 |
_aRU _bNLR _gpsbo |
|
| 801 | 0 |
_aRU _bRuMoRGB _2psbo |
|
| 801 | 1 |
_aRU _bProSoft-M _2rusmarc |
|
| 852 |
_aNLR _jПушкин/1-26 |
||
| 899 |
_aRuMoRGB _jT 23/608 |
||
| 899 | _aБАН | ||
| 942 | _cBOOK | ||
| 980 | _aNB | ||